Nhập môn Linux và mã nguồn mở

TM tài liệu tham khảo tr. 163; Gồm: Giới thiệu về mã nguồn mở và Linux; Quản trị hệ thống Linux; Quản trị các dịch vụ mạng trên Linux

Shranjeno v:
Bibliografske podrobnosti
Glavni avtor: Hà, Quốc Trung
Format: Knjiga
Jezik:Undetermined
Izdano: [?] [?] [2010
Teme:
Online dostop:http://lrc.tdmu.edu.vn/opac/search/detail.asp?aID=2&ID=29455
Oznake: Označite
Brez oznak, prvi označite!
Thư viện lưu trữ: Trung tâm Học liệu Trường Đại học Thủ Dầu Một
LEADER 00859nam a2200205Ia 4500
001 TDMU_29455
008 210410s9999 xx 000 0 und d
082 |a 362.1042 
090 |b H100 
100 |a Hà, Quốc Trung 
245 0 |a Nhập môn Linux và mã nguồn mở 
245 0 |c Hà Quốc Trung 
260 |a [?] 
260 |b [?] 
260 |c [2010 
300 |a 163 tr. 
520 |a TM tài liệu tham khảo tr. 163; Gồm: Giới thiệu về mã nguồn mở và Linux; Quản trị hệ thống Linux; Quản trị các dịch vụ mạng trên Linux 
650 |a Phần mềm mã nguồn mở; Công nghệ thông tin  |x Lập trình  |x Linux 
856 |u http://lrc.tdmu.edu.vn/opac/search/detail.asp?aID=2&ID=29455 
980 |a Trung tâm Học liệu Trường Đại học Thủ Dầu Một